मेवाड़ के महाराणा और उनकी गौरव गाथा / (Record no. 200822)
[ view plain ]
| 000 -LEADER | |
|---|---|
| fixed length control field | 01112nam a22001937a 4500 |
| 005 - DATE AND TIME OF LATEST TRANSACTION | |
| control field | 20240315155823.0 |
| 010 ## - LCCN (DPL NO) | |
| LC control number | B-757673-675 |
| 020 ## - INTERNATIONAL STANDARD BOOK NUMBER | |
| International Standard Book Number | 9789356842458 |
| Terms of availability | 350.00 |
| 035 ## - SYSTEM CONTROL NUMBER | |
| System control number | B-757673-675 |
| 037 ## - SOURCE OF ACQUISITION | |
| Source of stock number/acquisition | डायमंड बुक्स |
| 082 ## - DEWEY DECIMAL CLASSIFICATION NUMBER | |
| Classification number | क |
| 100 ## - MAIN ENTRY--PERSONAL NAME | |
| Personal name | आर्य, राकेश कुमार |
| 245 ## - TITLE STATEMENT | |
| Title | मेवाड़ के महाराणा और उनकी गौरव गाथा / |
| Statement of responsibility, etc | राकेश कुमार आर्य |
| 260 ## - PUBLICATION, DISTRIBUTION, ETC. (IMPRINT) | |
| Place of publication, distribution, etc | नई दिल्ली |
| Name of publisher, distributor, etc | डायमंड बुक्स |
| Date of publication, distribution, etc | 2023 |
| 270 ## - ADDRESS | |
| Address | X-30 ओखला इन्द्रस्त्रियल एरिया , फेस 2 |
| City | नई दिल्ली |
| Postal code | 110020 |
| 300 ## - PHYSICAL DESCRIPTION | |
| Extent | 310 पृ. |
| Dimensions | 22सेमी (अजिल्द) |
| 942 ## - ADDED ENTRY ELEMENTS (KOHA) | |
| Source of classification or shelving scheme | Dewey Decimal Classification |
| Item type | Hindi Books |
| Classification part | क |
| Call number suffix | आर्यरा |
| Withdrawn status | Lost status | Not for loan | Collection code | Home library | Current library | Date acquired | Source of acquisition | Cost, normal purchase price | Full call number | Barcode | Copy number | Cost, replacement price | Koha item type |
|---|---|---|---|---|---|---|---|---|---|---|---|---|---|
| Fiction | Central Library | Central Library | 15/03/2024 | डायमंड बुक्स /3256/15.1.24/9.1.24/16.1.24 | 350.00 | क आर्यरा | B-757673 | 1 | 350.00 | Hindi Books | |||
| Fiction | Diz Area | Diz Area | 15/03/2024 | डायमंड बुक्स /3256/15.1.24/9.1.24/16.1.24 | 350.00 | क आर्यरा | B-757674 | 1 | 350.00 | Hindi Books | |||
| Fiction | Shahdara Branch | Shahdara Branch | 15/03/2024 | डायमंड बुक्स /3256/15.1.24/9.1.24/16.1.24 | 350.00 | क आर्यरा | B-757675 | 1 | 350.00 | Hindi Books |
